000 00479nam a2200169Ia 4500
008 090711s9999 xx 000 0 und d
082 _b70080
100 _aपठाण यू.म.
245 _aजितराब
260 _bअनुपम प्रकाशन केंद्र
_c1992
300 _a79
600 _aपठाण यू.म.
630 _aजितराब
700 _aपठाण यू.म.
730 _aजितराब
942 _cBOOK
999 _c330945
_d330945